00526nam a2200169Ia 4500003000900000008004100009020001800050040001600068080001200084100002200096245011200118260003900230300001600269650002500285650002500310700002100335IN-BaIIA211028s9999 xx 000 0 eng d a0-486-69193-4 cIIA Library a51bDEN aDennery, Philippe 0aMathematics for physicistscPhilippe Dennery and Andre Krzywicki  aNew YorkbDover Publicationsc1996 axiii, 384p. aLinear vector spaces aMathematical physics aKrzywicki, Andre